Principales Países de Europa por Especies de Aves - Estadísticas

Estadísticas generales
  • Esta prueba ha sido intentada 210 veces
  • La puntuación promedio es 14 de 16
Estadísticas de respuestas
Especie País % Correcto
469 Alemania
99%
622 España
99%
520 Francia
99%
455 Italia
96%
558 Portugal
96%
638 Reino Unido
96%
448 Noruega
93%
495 Suecia
93%
417 Polonia
90%
460 Finlandia
89%
421 Bélgica
84%
497 Países Bajos
84%
429 Suiza
84%
417 Irlanda
79%
444 Ucrania
79%
442 Dinamarca
76%
No se encontraron pruebas coincidentes
Distribución de puntuación
Porcentaje de gente con cada puntuación
Porcentaje por número respondido
Historial de tus puntuaciones
No has intentado esta prueba.